000 00824cam a2200241 a 4500
001 000001709
005 20200929145654.0
008 060920s2000 ja 001 0aspa d
020 _a4569609864
040 _aDO-SdBNP
_bspa
_cBNPHU
082 _a320.1249
_bL477t
100 1 _aLee, Teng-hui.
_d1923-
_95559
240 1 0 _aTaiwan no shucho.
_lEspañol.
245 1 3 _aEl camino hacia la democracia :
_bTaiwan busca su identidad /
_cLee Teng-hui; traducción, PHP institute.
246 3 0 _aTaiwan busca su identidad
260 _aTokyo :
_bPHP Institiute.,
_c2000.
300 _a232 p. ;
_c22 cm.
500 _aIncluye datos biográficos del autor
500 _aIncluye índice.
651 4 _aTaiwán
_xPolítica Y Gobierno
_y1975-
_95560
650 4 _aPresidentes
_zTaiwán
_xBiografías
_95561
710 2 _aPHP institute,
_95562
999 _c1588
_d1588